00498nmm a22001457a 450000500170000000800410001704100080005808200110006610000270007724501730010426000090027765000150028665000330030165000180033420170621113646.0150618b xxu||||| |||| 00| 0 spa d aspa aDE 185 aMoya Solano, Katherine aManual del Proceso de facturación para el Programa de Evaluación de Estructura de Puente, Escuela de Ingeniería en Construcción del Tecnológico de Costa Rica  c2016 aCOSTA RICA aADMINISTRACIÓN DE EMPRESAS aFACTURACIÓN